000 00826nam a2200205 i 4500
001 180362
003 ES-MaACL
005 20230906221055.0
008 120530s1976 sp |||| | spa d
080 _a616.747.6(043.2)
080 _a611.747.6(043.2)
100 1 _aBenedito Ramón, Romero.
_9150210
245 1 0 _aContribución al estudio anatomofuncional y clínico terapéutico del aparato extensor de los cuatro últimos dedos de la mano /
_c[por] Roberto Benedito Ramón.
260 _aBarcelona :
_bUniversidad, Secretariado de Publicaciones, Intercambio Científico y Extensión Universitaria,
_c1976.
300 _a20 p. :
_bil. ;
_c25 cm.
502 _aTesis Univ. Barcelona (Extracto)
650 4 _aManos-
_xMúsculos.
_9150211
710 2 _aUniversidad de Barcelona.
_97141
852 _aES-MaACL
_jE-15361(188)
999 _c180362
_d180362